Marion de Lorme veršovaná dráma v piatich dejstvách

Bibliographic Details
Main Author: Hugo, Victor, 1802-1885 (Author)
Other Authors: Krčméry-Vrteľová, Jela, 1924-2021 (Translator)
Format: Book
Language:Slovak
French
PhysicalDescription:86 s. 29 cm
Published: Bratislava Lita 1981
Edition:1. vyd.
Subjects:

MARC

LEADER 00000cam a2200000 a 4500
001 vtls001102508
003 SK-MaSNL
005 20260301111356.0
008 250313s1981 xo g 0000d slo
015 |a SNBA1981/08 
035 |a SNK000045350 
035 |a urn:nbn:sk:snk-amkwel 
035 |a urn:nbn:sk:snk-am008379 
035 |a 0AD42E52-9C28-4F2F-9923-A5000E877BC3 
040 |a SNK  |b slo  |c SNK  |e AACR2 
041 1 |a slo  |h fre 
044 |a xo  |c SK 
072 7 |a 821.13  |x Románske literatúry  |2 konspekt 
080 |a 821.133.1/2-265.4  |2 2011 
080 |a (0:82-21)  |2 2011 
100 1 |a Hugo, Victor,  |d 1802-1885  |4 aut 
240 1 0 |a Marion de Lorme  |l Slovensky 
245 1 0 |a Marion de Lorme  |b veršovaná dráma v piatich dejstvách  |c Victor Hugo ; z rovnomenného francúzskeho originálu preložila a upravila Jela Krčméry 
250 |a 1. vyd. 
260 |a Bratislava  |b Lita  |c 1981 
300 |a 86 s.  |c 29 cm 
655 7 |a francúzske drámy  |2 SNKPH  |9 73791 
655 7 |a tragédie  |2 SNKPH  |9 74384 
655 7 |a French drama  |2 SNKPHeng  |9 290031 
655 7 |a Tragedies  |2 SNKPHeng  |9 345440 
700 1 |a Krčméry-Vrteľová, Jela,  |d 1924-2021  |4 trl  |9 107910 
852 |a Slovenská národná knižnica 
954 |a beletria cudzojazyčná (svetová)  |2 lita 
958 |a OND 
958 |a LX 
958 |a RM 
958 |a UP 
968 |b FR 
999 |c 706749  |d 708679 
952 |a SNK  |b SNK  |y VYP  |7 0  |p 17A0507999  |o snkSB 32153 D1  |i snkKSP 6642/81  |0 0  |1 0  |4 0  |d 2006-05-15  |l 0  |r 2026-02-23 21:19:53  |w 2026-02-23 
952 |a SNK  |b SNK  |y PREZ  |7 0  |p 17A0991803  |o snkSB 32153  |i snkKSP 6641/81  |0 0  |1 0  |4 0  |d 2012-07-19  |f 1  |l 0  |r 2025-04-04 00:00:00  |w 2026-02-23